Úverová tieseň v bankovom sektore ako jeden z kritických bodov globálnej hospodárskej krízy bakalárska práca

Salvato in:
Dettagli Bibliografici
Autore principale: Mikuláš, Ľubomír
Ente Autore: Obchodná fakulta EU. Katedra medzinárodného obchodu
Altri autori: Královičová, Michaela
Natura: Libro
Lingua:slovacco
Pubblicazione: Bratislava 2017
Tags: Aggiungi Tag
Nessun Tag, puoi essere il primo ad aggiungerne!!

MARC

LEADER 00000nbm a2200000 4500
001 0232662
005 20180405145815.8
041 0 |a slo 
044 |a SK 
245 1 0 |a Úverová tieseň v bankovom sektore ako jeden z kritických bodov globálnej hospodárskej krízy  |b bakalárska práca  |c Ľubomír Mikuláš ; školiteľ: Michaela Královičová 
264 1 |a Bratislava  |c 2017 
300 |a 51 s. 
100 1 |a Mikuláš, Ľubomír 
700 1 |a Královičová, Michaela 
710 2 |a Obchodná fakulta EU. Katedra medzinárodného obchodu